00358nam a2200109Ia 4500008004100000020002200041040002900063050002300092100005100115245005100166260003100217221216s9999||||xx |||||||||||||| ||und|| a978-0-07-340518-6 cChuka University Library aHG 173 b.C67 2009 aCornett, M. M., Troy A. Adair, John Not Singer 0aFinance: applications and theory early release aMcgraw hill bBostonc2009